| 000 | 01042nam a22002657a 4500 | ||
|---|---|---|---|
| 001 | BRCA_9334 | ||
| 003 | FranzMayer | ||
| 005 | 20230918120759.0 | ||
| 008 | 230825b |||||||| |||| 00| 0 eng d | ||
| 020 | _a188350211X | ||
| 040 |
_aMFM _besp _cMFM |
||
| 050 | 0 |
_aN736.5 _b.R45 2003 |
|
| 100 | 1 |
_4Autor _aReitzes, Lisa _929179 |
|
| 240 |
_aA Nacional Image _hThe American Painting and Sculpture Collection in the San Antonio Museum of Art _lInglés |
||
| 245 | 0 |
_aA Nacional Image _bThe American Painting and Sculpture Collection in the San Antonio Museum of Art |
|
| 260 |
_aTexas, EE.UU. _bSan Antonio Museum of Art _c2003 |
||
| 300 |
_a207 p _bIlustraciones a color _c30 cm |
||
| 500 | _aAnexo 1 | ||
| 505 | _aTexto en: inglésIncluye índice temáticoIncluye prefacio | ||
| 650 | 1 |
_2Artes visuales _aMuseos y gallerias _vExposiciones _929180 |
|
| 651 | 2 |
_2Museos de Estados Unidos _aTexas _vSan Antonio Museum of Art _929181 |
|
| 700 | 1 |
_4Resp _aStreet, Stephanie _929182 |
|
| 700 | 1 |
_4Resp. _aWells, Shelby _929183 |
|
| 942 |
_2lcc _cB |
||
| 999 |
_c10956 _d10956 |
||